| 000 | 00419nam a22001217a 4500 | ||
|---|---|---|---|
| 082 | _a220 PRO | ||
| 100 |
_aNC MUHAMMAD SIRAJ HASHMI PC SYED IJLAL HUSSAIN KAZMI PC MUHAMMAD AQIB RIAZ NC QASIM BIN MEHMOOD _970640 |
||
| 245 | _aPR-SOF-1839-CLOUD GAMING SERVICE | ||
| 260 |
_aISLAMABAD _bNUST COLLEGE OF EME _c2019 |
||
| 650 |
_aDE-COMP-37 _970641 |
||
| 700 |
_aSUPERVISOR BRIG DR MUHAMMAD HASAN ISLAM _970642 |
||
| 942 | _cCR | ||
| 999 |
_c577580 _d577580 |
||